[Event "1/128 Finale"]
[Site "www.chess-mail.com"]
[Date "2018.12.07"]
[Round "1"]
[White "Mitja"]
[Black "Traub"]
[WhiteElo "1910"]
[BlackElo "1670"]
[Result "1-0"]
[Round "1"]
1.d4 d5
2.e3 Ng8f6
3.c3 e6
4.Ng1f3 c5
5.dxc5 Bf8xc5
6.b3 O-O
7.Bc1b2 Nb8c6
8.Nf3d4 a6
9.Nd4xc6 bxc6
10.Nb1d2 Bc5d6
11.Nd2f3 Nf6e4
12.Nf3d4 c5
13.Nd4f3 Qd8a5
14.Qd1c2 Bc8b7
15.Bf1e2 d4
{ time. }
1-0

[Event "Match"]
[Site "www.echecsemail.com"]
[Date "2018.12.08"]
[Round "1"]
[White "Apdash"]
[Black "Tarasch"]
[WhiteElo "2320"]
[BlackElo "2300"]
[Result "1-0"]
[Round "1"]
1.e4 c5
2.Ng1f3 d6
3.d4 cxd4
4.Nf3xd4 Ng8f6
5.Nb1c3 a6
6.a4 e6
7.Bf1c4 Qd8c7
8.Qd1e2 Bf8e7
9.Bc1g5 O-O
10.O-O Nb8c6
11.Nd4xc6 bxc6
12.Kh1 Bc8b7
13.f4 Rf8e8
14.f5 e5
15.h4 Ra8d8
16.Ra1d1 d5
17.Bg5xf6 Be7xf6
18.exd5 Bf6xh4
19.Qe2g4 Bh4f6
20.Nc3e4 { resign }
1-0

[Event "Tourn. n9994"]
[Site "www.echecsemail.com"]
[Date "2018.12.08"]
[Round "1"]
[White "Bojan"]
[Black "Andychesston"]
[WhiteElo "1990"]
[BlackElo "2010"]
[Result "0-1"]
[Round "1"]
1.e4 e5
2.Ng1f3 Nb8c6
3.c3 d6
4.d3 Bc8g4
5.h3 Bg4h5
6.g4 Bh5g6
7.Bc1e3 Bf8e7
8.h4 h6
9.Bf1e2 Ng8f6
10.h5 Bg6h7
11.Nf3h2 Qd8d7
12.Nb1d2 g5
13.hxg6 Bh7xg6
14.Nh2f1 O-O-O
15.Nf1g3 d5
16.Qd1c2 d4
17.cxd4 Nc6xd4
18.Qc2c3 Nd4xe2
19.Kxe2 Qd7b5
20.a3 b6
21.Nd2c4 Nf6xg4
22.Ng3f5 Bg6xf5
23.exf5 Ng4xe3
24.fxe3 f6
25.Nc4d2 Rd8g8
26.Rh1h2 Be7d6
27.Nd2e4 Bd6e7
28.b4 Rg8g4
29.Ra1c1 c5
30.bxc5 bxc5
31.Ne4xc5 Be7xc5
32.Kf3 Rh8g8
33.Rh2h3 Qb5c6
34.e4 Rg4f4
35.Ke2 Rg8g2
36.Kd1 Rf4f1
37.Qc3e1 Qc6a4
{ resign }
0-1

[Event "Tourn. n10003"]
[Site "www.echecsemail.com"]
[Date "2018.12.08"]
[Round "1"]
[White "Cemaah"]
[Black "Picifarkinca"]
[WhiteElo "1859"]
[BlackElo "1840"]
[Result "1-0"]
[Round "1"]
1.e4 c6
2.d4 d5
3.exd5 cxd5
4.Bf1d3 Nb8c6
5.c3 Ng8f6
6.Bc1f4 e6
7.Ng1f3 Bf8d6
8.Bf4xd6 Qd8xd6
9.O-O O-O
10.Rf1e1 Rf8e8
11.Nf3e5 Nc6e7
12.Nb1d2 Qd6b6
13.Ra1b1 Ne7g6
14.Ne5xg6 hxg6
15.Nd2f3 Bc8d7
16.Nf3e5 Bd7b5
17.Bd3c2 Ra8c8
18.Re1e3 Qb6a6
19.a3 Rc8c7
20.Re3h3 Bb5e2
21.Qd1d2 Nf6g4
22.Qd2f4 Ng4xe5
23.Qf4xe5 Re8e7
24.Rb1e1 Be2h5
25.f3 f6
26.Qe5f4 g5
27.Qf4g3 g6
28.Qg3f2 g4
29.fxg4 Bh5xg4
30.Rh3g3 Bg4f5
31.Bc2xf5 exf5
32.Rg3xg6 { resign }
1-0

[Event "Tourn. n9965"]
[Site "www.echecsemail.com"]
[Date "2018.12.08"]
[Round "1"]
[White "Drill64"]
[Black "Ditto"]
[WhiteElo "1849"]
[BlackElo "1830"]
[Result "1-0"]
[Round "1"]
1.Ng1f3 d5
2.c4 d4
3.b4 Ng8f6
4.Bc1b2 e5
5.Nf3xe5 Bf8xb4
6.Qd1a4 c6
7.Qa4xb4 Nb8a6
8.Qb4a4 Na6c5
9.Qa4c2 O-O
10.d3 Bc8f5
11.Bb2a3 Nc5e6
12.Ba3xf8 Kxf8
13.Nb1d2 c5
14.g3 Qd8c7
15.Nd2f3 Ne6d8
16.Bf1g2 Qc7a5
17.Qc2d2 Qa5c7
18.O-O Bf5e6
19.Ra1b1 Ra8b8
20.e3 dxe3
21.Qd2xe3 Nf6g4
22.Ne5xg4 Be6xg4
23.Nf3e5 Bg4e6
24.f4 Qc7e7
25.f5 Be6c8
26.Qe3f4 b6
27.Rb1e1 Qe7f6
28.Ne5g6 hxg6
29.Qf4xb8 Bc8xf5
30.Kh1 a6
31.g4 Qf6d4
32.gxf5 gxf5
33.Bg2d5 Qd4f6
34.Rf1xf5 { resign }
1-0

[Event "Tourn. n9978"]
[Site "www.echecsemail.com"]
[Date "2018.12.08"]
[Round "1"]
[White "Tbsundar"]
[Black "Picifarkinca"]
[WhiteElo "1880"]
[BlackElo "1670"]
[Result "1/2-1/2"]
[Round "1"]
1.d4 c6
2.Ng1f3 d5
3.c4 e6
4.e3 Ng8f6
5.Nb1d2 Nb8d7
6.Bf1d3 Bf8d6
7.O-O O-O
8.b3 e5
9.dxe5 Nd7xe5
10.Bd3e2 Bc8f5
11.Bc1b2 Rf8e8
12.Nf3d4 Bf5g6
13.f4 Ne5d3
14.Be2xd3 Bg6xd3
15.Rf1f3 Bd6f8
16.cxd5 Qd8xd5
17.Ra1c1 Bd3a6
18.Nd2c4 Ra8d8
19.Nc4e5 c5
20.Ne5c4 cxd4
21.exd4 Ba6xc4
22.bxc4 Qd5e4
23.h3 Bf8b4
24.d5 Qe4e1
25.Qd1xe1 Re8xe1
26.Rc1xe1 Bb4xe1
27.Bb2d4 Be1b4
28.Bd4xf6 gxf6
29.Kh2 Bb4d6
30.g3 Rd8e8
31.Kg2 Re8e2
32.Rf3f2 Re2e4
33.Rf2c2 Bd6c5
34.h4 f5
35.Kf3 Re4e3
36.Kg2 Kg7
37.Rc2b2 b6
{ draw }
1/2-1/2

[Event "Tourn. n10005"]
[Site "www.echecsemail.com"]
[Date "2018.12.08"]
[Round "1"]
[White "Tonino1"]
[Black "Drill64"]
[WhiteElo "2250"]
[BlackElo "2280"]
[Result "1-0"]
[Round "1"]
1.d4 Ng8f6
2.Ng1f3 e6
3.e3 c5
4.c3 Nb8c6
5.Bf1d3 cxd4
6.exd4 b6
7.O-O Bc8b7
8.Nb1d2 Bf8e7
9.Nf3e5 d6
10.Ne5xc6 Bb7xc6
11.Qd1e2 O-O
12.f4 e5
13.fxe5 dxe5
14.dxe5 Be7c5
15.Kh1 Rf8e8
16.Nd2b3 Bc5d6
17.Bc1f4 Qd8b8
18.Nb3d4 Bc6b7
19.Bd3b5 Bd6xe5
20.Bb5xe8 Be5xf4
21.Qe2f2 Bf4xh2
22.Nd4f5 Bh2c7
23.Nf5xg7 Bc7e5
24.Ng7h5 Qb8xe8
25.Nh5xf6 Be5xf6
26.Qf2xf6 { resign }
1-0

[Event "Tourn. n9987"]
[Site "www.echecsemail.com"]
[Date "2018.12.08"]
[Round "1"]
[White "Apdash"]
[Black "Numanoid"]
[WhiteElo "2340"]
[BlackElo "2620"]
[Result "0-1"]
[Round "1"]
1.e4 e6
2.d4 d5
3.exd5 exd5
4.Ng1f3 Ng8f6
5.c4 Bf8b4
6.Nb1c3 O-O
7.a3 Bb4xc3
8.bxc3 Nb8c6
9.Bc1g5 Rf8e8
10.Bf1e2 dxc4
11.O-O h6
12.Bg5h4 Bc8e6
13.Qd1a4 Qd8d7
14.Be2xc4 Nc6xd4
15.Qa4xd7 Nd4xf3
16.gxf3 Nf6xd7
17.Bc4xe6 Re8xe6
18.Ra1b1 Nd7e5
19.Kg2 b6
20.Bh4g3 f6
21.Rf1e1 Kf7
22.f4 Ne5c4
23.Re1xe6 Kxe6
24.f5 Kxf5
25.a4 c5
26.Rb1d1 Nc4b2
27.Rd1d7 Nb2xa4
28.Rd7xg7 Na4xc3
29.f3 a5
30.Bg3e1 Nc3d5
31.Be1d2 a4
32.Bd2xh6 a3
33.Bh6c1 a2
34.Bc1b2 Nd5f4
35.Kf1 a1Q
36.Bb2xa1 Ra8xa1
37.Kf2 Ra1a2
38.Ke3 Ra2e2

0-1

[Event "Tourn. n9975"]
[Site "www.echecsemail.com"]
[Date "2018.12.08"]
[Round "1"]
[White "Luban"]
[Black "Drill64"]
[WhiteElo "2050"]
[BlackElo "2139"]
[Result "1-0"]
[Round "1"]
1.d4 Ng8f6
2.c4 e6
3.e3 Bf8b4
4.Bc1d2 Qd8e7
5.Nb1c3 O-O
6.Ng1f3 d6
7.Bf1d3 b6
8.O-O Bc8b7
9.Rf1e1 Nb8d7
10.a3 Bb4xc3
11.Bd2xc3 Nf6e4
12.Bd3xe4 Bb7xe4
13.Nf3d2 Be4b7
14.e4 e5
15.dxe5 dxe5
16.Nd2f3 f6
17.Qd1c2 c5
18.Ra1d1 Rf8d8
19.h3 Nd7f8
20.b4 Nf8e6
21.Nf3h4 Ne6d4
22.Bc3xd4 exd4
23.Nh4f5 Qe7f8
24.b5 Bb7c8
25.e5 Bc8xf5
26.Qc2xf5 fxe5
27.Re1xe5 Qf8xf5
28.Re5xf5 Rd8f8
29.Rf5e5 Ra8e8
30.Rd1e1 Re8xe5
31.Re1xe5 Kf7
32.Kf1 Rf8e8
33.Re5d5 Ke7
34.Ke2 Kf7
35.Kd3 Re8e7
36.Rd5h5 h6
37.Rh5d5 Ke8
38.a4 Re7e1
39.a5 Re1a1
40.axb6 axb6
41.Rd5d6 Ra1a2
42.Rd6xb6 Ra2xf2
43.Rb6g6 Kf7
44.Rg6g3 Rf2f6
45.Rg3g4 g5
46.h4 Kg6
47.hxg5 hxg5
48.Rg4e4 Kf5
49.g4 Kg6
50.Re4e5 Rf6f3
51.Ke2 Rf3f4
52.Re5xc5 Rf4xg4
53.b6 Rg4h4
54.b7 { resign }
1-0

[Event "Tourn. n9950"]
[Site "www.echecsemail.com"]
[Date "2018.12.08"]
[Round "1"]
[White "Virgil08bv"]
[Black "Szustan"]
[WhiteElo "2550"]
[BlackElo "2560"]
[Result "1-0"]
[Round "1"]
1.e4 e5
2.Ng1f3 Nb8c6
3.Bf1b5 a6
4.Bb5a4 Ng8f6
5.O-O Nf6xe4
6.d4 b5
7.Ba4b3 d5
8.dxe5 Bc8e6
9.Nb1d2 Ne4c5
10.c3 d4
11.Bb3xe6 Nc5xe6
12.cxd4 Nc6xd4
13.a4 Bf8e7
14.Nf3xd4 Qd8xd4
15.axb5 Qd4xe5
16.bxa6 O-O
17.Nd2f3 Qe5b5
18.a7 Qb5b7
19.Bc1e3 c5
20.Qd1a4 Rf8c8
21.Ra1a2 Rc8c7
22.Rf1a1 Qb7d5
23.Qa4c2 Be7f6
24.Qc2d2 Qd5c6
25.Ra2a6 Qc6e8
26.Ra1a2 Rc7b7
27.Qd2d5 Qe8e7
28.Nf3e5 Ra8xa7
29.Ra6xa7 Rb7xa7
30.Ne5c6 Qe7d7
31.Qd5xd7 Ra7xd7
32.Ra2a8 Ne6f8
33.Kf1 Rd7d5
34.Ra8a5 Rd5d6
35.Ra5xc5 Nf8e6
36.Rc5c2 Bf6xb2
37.Rc2xb2 Rd6xc6
38.Rb2b8 Ne6f8
39.Be3d2 f5
40.Bd2b4 Rc6f6
41.h4 g6
42.h5 gxh5
43.Ke2 Rf6f7
44.Kf3 Kg7
45.Bb4xf8 Kf6
46.Rb8b6 { resign }
1-0

[Event "Tourn. n10021"]
[Site "www.echecsemail.com"]
[Date "2018.12.08"]
[Round "1"]
[White "Cemaah"]
[Black "Fantomas"]
[WhiteElo "2099"]
[BlackElo "2110"]
[Result "1-0"]
[Round "1"]
1.e4 e5
2.f4 exf4
3.Ng1f3 Bf8e7
4.Nb1c3 Be7h4
5.Ke2 d6
6.d4 Bh4g5
7.g3 Bg5h6
8.gxf4 g6
9.Bc1e3 Ng8f6
10.Qd1d3 b6
11.Kd1 Nf6h5
12.Qd3d2 O-O
13.Rh1g1 Qd8e7
14.f5 Bh6xe3
15.Qd2xe3 Bc8xf5
16.Qe3h6 Bf5d7
17.Qh6xh5 Kh8
18.Qh5h6 Rf8g8
19.Nf3g5 f5
20.Nc3d5 { resign }
1-0

[Event "Tourn. n9967"]
[Site "www.echecsemail.com"]
[Date "2018.12.08"]
[Round "1"]
[White "Libiesse"]
[Black "Fabos12"]
[WhiteElo "1910"]
[BlackElo "1970"]
[Result "0-1"]
[Round "1"]
1.d4 e6
2.c4 Nb8c6
3.Ng1f3 d5
4.cxd5 exd5
5.Nb1c3 Ng8f6
6.Bc1g5 Bf8b4
7.e3 O-O
8.Bf1e2 Bc8e6
9.O-O h6
10.Bg5h4 Bb4e7
11.Ra1c1 Nf6h7
12.Bh4g3 a6
13.Be2d3 Nh7g5
14.a3 Ng5xf3
15.Qd1xf3 Qd8d7
16.b4 Rf8d8
17.Bg3f4 g5
18.Bf4g3 Be6g4
{ resign }
0-1

[Event "Tourn. n9995"]
[Site "www.echecsemail.com"]
[Date "2018.12.08"]
[Round "1"]
[White "Erno"]
[Black "Luizassis"]
[WhiteElo "1349"]
[BlackElo "1380"]
[Result "1-0"]
[Round "1"]
1.d4 Ng8f6
2.c4 g6
3.Ng1f3 Bf8g7
4.g3 O-O
5.Bf1g2 d5
6.cxd5 Nf6xd5
7.e4 Nd5b6
8.O-O c5
9.d5 Bc8g4
10.Nb1c3 Nb8d7
11.Qd1c2 Qd8c7
12.Bc1f4 Nd7e5
13.Bf4xe5 Bg7xe5
14.Nc3b5 Qc7b8
15.Nf3xe5 Qb8xe5
16.f4  { time }
1-0

[Event "Tourn. n9995"]
[Site "www.echecsemail.com"]
[Date "2018.12.09"]
[Round "1"]
[White "Moofplabber"]
[Black "Erno"]
[WhiteElo "1439"]
[BlackElo "2340"]
[Result "0-1"]
[Round "1"]
1.b4 d5
2.Bc1b2 Ng8f6
3.d3 e5
4.Bb2xe5 Bf8xb4
5.Be5c3 Bb4xc3
6.Nb1xc3 O-O
7.Ng1f3 Rf8e8
{ resign }
0-1

[Event "Tourn. n10012"]
[Site "www.echecsemail.com"]
[Date "2018.12.09"]
[Round "1"]
[White "Erno"]
[Black "Bojan"]
[WhiteElo "2089"]
[BlackElo "1970"]
[Result "1-0"]
[Round "1"]
1.d4 d5
2.c4 Ng8f6
3.cxd5 Nf6xd5
4.e4 Nd5f6
5.Nb1c3 e6
6.Ng1f3 Bf8b4
7.Bf1d3 b6
8.Qd1a4 c6
9.Qa4xb4 c5
10.Bd3b5 Nb8d7
11.dxc5 O-O
12.c6 Nd7c5
13.Bc1f4 Qd8e7
14.O-O Nf6h5
15.Bf4e3 Qe7c7
16.Be3xc5 bxc5
17.Qb4xc5 Nh5f4
18.Ra1d1 a5
19.Bb5c4 Rf8e8
20.Nc3b5 Qc7e7
21.Qc5xe7 { resign }
1-0

[Event "Tourn. n9990"]
[Site "www.echecsemail.com"]
[Date "2018.12.09"]
[Round "1"]
[White "Szustan"]
[Black "Ssharp"]
[WhiteElo "2600"]
[BlackElo "2280"]
[Result "1-0"]
[Round "1"]
1.e4 e6
2.d4 d5
3.Nb1c3 Bf8b4
4.e5 c5
5.a3 Bb4xc3
6.bxc3 Nb8c6
7.Qd1g4 g6
8.a4 f5
9.Qg4d1 Qd8a5
10.Bc1d2 Ng8e7
11.Bf1b5 Bc8d7
12.Ng1f3 c4
13.Bb5xc6 Bd7xc6
14.Qd1c1 Bc6xa4
15.O-O b5
16.Bd2h6 Kd7
17.Qc1d2 Rh8c8
18.Nf3g5 Ne7g8
19.Ng5xh7 Qa5d8
20.Nh7f8 { resign }
1-0

[Event "Match"]
[Site "www.echecsemail.com"]
[Date "2018.12.09"]
[Round "1"]
[White "Zorkvonblitz"]
[Black "Llord"]
[WhiteElo "1649"]
[BlackElo "1870"]
[Result "0-1"]
[Round "1"]
1.g4 e5
2.e4 Nb8c6
3.d3 Ng8f6
4.g5 Nf6g8
5.f4 d6
6.f5 f6
7.h4 h6
8.Qd1h5 Ke7
9.g6 Ke8
10.Qh5d1 d5
11.Nb1c3 Bf8b4
12.Bc1d2 Nc6d4
13.Nc3xd5 Bb4xd2
14.Qd1xd2 c6
15.Nd5c3 h5
16.Nc3e2 Ng8h6
17.O-O-O Nh6g4
 { time }
0-1

[Event "Match"]
[Site "www.echecsemail.com"]
[Date "2018.12.09"]
[Round "1"]
[White "Tbsundar"]
[Black "Logout"]
[WhiteElo "1970"]
[BlackElo "1970"]
[Result "1-0"]
[Round "1"]
1.d4 d5
2.c4 c6
3.e3 e6
4.Ng1f3 Bf8d6
5.Nb1d2 Bc8d7
6.Bf1d3 Ng8f6
7.O-O O-O
8.b3 b5
9.Bc1b2 bxc4
10.bxc4 Qd8e7
11.c5 Bd6c7
12.Ra1c1 a5
13.a4 Nb8a6
14.Bb2c3 Na6b4
15.Bd3b1 Bd7c8
16.Rf1e1 Bc8a6
17.e4 dxe4
18.Nd2xe4 Nf6xe4
19.Bb1xe4 Bc7f4
20.Rc1b1 Ra8b8
21.g3 Bf4c7
22.Rb1a1 Nb4d5
23.Bc3d2 Kh8
24.Nf3g5 Nd5c3
25.Qd1h5 Nc3xe4
26.Qh5xh7 
1-0

[Event "Tourn. n9999"]
[Site "www.echecsemail.com"]
[Date "2018.12.09"]
[Round "1"]
[White "Cemaah"]
[Black "Erno"]
[WhiteElo "1859"]
[BlackElo "1969"]
[Result "0-1"]
[Round "1"]
1.e4 c5
2.Ng1f3 d6
3.d4 cxd4
4.Nf3xd4 Ng8f6
5.Nb1c3 a6
6.f3 e5
7.Nd4b3 Bc8e6
8.Bc1e3 Nb8d7
9.g4 b5
10.g5 Nf6h5
11.Nc3d5 h6
12.gxh6 g6
13.Qd1d2 Qd8h4
14.Be3f2 Qh4d8
15.a4 Bf8xh6
16.Qd2b4 Be6xd5
17.exd5 Qd8f6
18.Qb4e4 O-O
19.axb5 axb5
20.Ra1xa8 Rf8xa8
21.Bf1xb5 Qf6d8
22.O-O Nh5f4
23.Bb5c6 Qd8g5
24.Bf2g3 Nd7f6
25.Qe4e1 Ra8a2
26.Qe1b1 Nf6h5
{ resign }
0-1

[Event "Tourn. n9984"]
[Site "www.echecsemail.com"]
[Date "2018.12.09"]
[Round "1"]
[White "Drill64"]
[Black "Fabos12"]
[WhiteElo "2169"]
[BlackElo "2020"]
[Result "1-0"]
[Round "1"]
1.e4 e6
2.d4 Nb8c6
3.Ng1f3 d5
4.e5 Bf8e7
5.c3 f6
6.Bf1d3 a6
7.O-O Ra8b8
8.Rf1e1 Bc8d7
9.exf6 Ng8xf6
10.Nf3e5 Nc6xe5
11.dxe5 Nf6e4
12.Bd3xe4 dxe4
13.Re1xe4 O-O
14.Re4f4 Rf8xf4
15.Bc1xf4 Bd7b5
16.Nb1d2 Be7c5
17.Nd2e4 Bc5a7
18.Qd1g4 Qd8e7
19.Ra1d1 Kf8
20.Bf4g5 Qe7f7
21.Bg5h4 Qf7f5
{ time. }
1-0

[Event "Match"]
[Site "www.echecsemail.com"]
[Date "2018.12.09"]
[Round "1"]
[White "Iko"]
[Black "Tonino1"]
[WhiteElo "1830"]
[BlackElo "2140"]
[Result "0-1"]
[Round "1"]
1.e4 d6
2.d4 Ng8f6
3.Qd1f3 c6
4.e5 dxe5
5.dxe5 Qd8a5
6.c3 Qa5xe5
7.Bf1e2 Bc8g4
8.Qf3d3 Nb8d7
9.Ng1f3 Qe5e4
10.Bc1e3 Bg4xf3
11.Qd3xe4 Bf3xe4
12.Nb1d2 Be4xg2
13.Rh1g1 Bg2d5
14.c4 Bd5e6
15.O-O-O g6
16.Nd2b3 Bf8g7
17.Rg1g5 O-O
18.f4 Nf6e4
19.Rg5a5 b6
20.Ra5a4 a6
21.Nb3d4 Nd7c5
22.b3 Nc5xa4
23.bxa4 Ne4c3
24.Rd1d2 Nc3xe2
25.Rd2xe2 Be6xc4
26.Re2c2 Bg7xd4
27.Be3xd4 b5
28.a5 Rf8d8
29.Bd4b6 Rd8d4
30.Bb6xd4 Ra8d8
31.Rc2d2 Bc4xa2
32.Kb2 Ba2c4
33.Kc3 Rd8d5
34.h4 f6
35.Rd2e2 Bc4xe2
36.f5 Rd5xd4
37.Kxd4 g5
38.hxg5 fxg5
39.f6 exf6
40.Kc5 g4
41.Kxc6 g3
42.Kb6 b4
43.Kc6 g2
44.Kb6 g1Q
45.Kc6 Be2b5
46.Kb7 Qg1c5
47.Kb8 Kf8
48.Kb7 Ke7
49.Kb8 Kd7
50.Kb7 Qc5c7
51.Ka8 Bb5c6

0-1

[Event "Tourn. n9994"]
[Site "www.echecsemail.com"]
[Date "2018.12.09"]
[Round "1"]
[White "Bojan"]
[Black "Francesco"]
[WhiteElo "2020"]
[BlackElo "1930"]
[Result "1-0"]
[Round "1"]
1.e4 c6
2.d4 d5
3.exd5 cxd5
4.Nb1c3 Bc8f5
5.Ng1f3 e6
6.a3 Ng8f6
7.Nf3h4 Bf5g6
8.Nh4xg6 hxg6
9.Bc1f4 Bf8d6
10.Bf1b5 Nb8c6
11.Bf4g5 a6
12.Bb5e2 Qd8b6
13.Ra1b1 Nc6xd4
14.Nc3a4 Qb6a5
15.Na4c3 Nd4xe2
16.Qd1xe2 Nf6e4
17.Bg5d2 Ne4xd2
18.Qe2xd2 Bd6e5
19.g3 Be5xc3
20.bxc3 b5
21.Rb1b3 Ra8c8
22.O-O O-O
23.Kg2 Rc8c4
24.Rf1e1 Rf8c8
25.Re1e3 d4
26.Re3d3 dxc3
27.Qd2c1 Rc8d8
28.Rd3e3 Rd8c8
29.Re3d3 Qa5b6
30.Qc1d1 a5
31.Rd3d6 Rc4c6
32.Rd6d7 a4
33.Rb3b1 Rc8c7
34.Rd7d8 Kh7
35.Qd1g4 Qb6c5
36.Rb1b4 Rc7c8
37.Rd8d7 Rc6c7
38.Rd7xc7 Rc8xc7
39.Rb4d4 Qc5f5
40.Qg4h4 Qf5h5
41.Qh4d8 Qh5e5
42.Rd4h4 { resign }
1-0

[Event "Match"]
[Site "www.echecsemail.com"]
[Date "2018.12.09"]
[Round "1"]
[White "Gidgud"]
[Black "Numanoid"]
[WhiteElo "2330"]
[BlackElo "2600"]
[Result "0-1"]
[Round "1"]
1.e4 e6
2.d4 d5
3.Nb1c3 Ng8f6
4.e5 Nf6d7
5.f4 c5
6.Nc3e2 Nb8c6
7.c3 Bf8e7
8.Ng1f3 Qd8b6
9.a3 O-O
10.b4 cxd4
11.cxd4 f6
12.Ne2g3 fxe5
13.dxe5 g5
14.b5 gxf4
15.bxc6 fxg3
16.hxg3 Nd7xe5
17.Qd1c2 Rf8f5
18.Nf3h4 Be7xh4
19.Rh1xh4 Ne5g6
20.Rh4h1 Qb6xc6
21.Qc2xc6 bxc6
22.Bf1d3 Rf5e5
23.Kd1 c5
24.Bc1f4 Ng6xf4
25.gxf4 Re5e3
26.Kd2 Re3g3
27.Bd3xh7 Kf7
28.Rh1h2 Ke7
29.Bh7c2 Bc8d7
30.f5 Ra8g8
31.Rh2h7 Kd6
32.Ra1h1 Rg3xg2
33.Kc1 Rg2g1
34.Kb2 Rg1xh1
35.Rh7xh1 exf5
36.Rh1h6 Ke5
37.Rh6h7 Rg8d8
38.Kc1 c4
39.Rh7e7 Kd4
40.Re7f7 Kc3
41.Bc2xf5 Bd7xf5
42.Rf7xf5 Kb3
43.Rf5f3 c3
{ resign }
0-1

[Event "Match"]
[Site "www.echecsemail.com"]
[Date "2018.12.09"]
[Round "1"]
[White "Blackorblanc"]
[Black "Llord"]
[WhiteElo "1649"]
[BlackElo "1890"]
[Result "0-1"]
[Round "1"]
1.Nb1c3 Ng8f6
2.f4 Nb8c6
3.e4 e5
4.Ng1f3 exf4
5.d4 Bf8b4
6.Bc1xf4 O-O
7.Bf1c4 Nf6xe4
8.Bf4d2 Ne4xd2
9.Qd1xd2 d6
10.O-O Bc8e6
 { time }
0-1

[Event "Tourn. n9992"]
[Site "www.echecsemail.com"]
[Date "2018.12.09"]
[Round "1"]
[White "Apdash"]
[Black "Greghghs"]
[WhiteElo "2330"]
[BlackElo "2490"]
[Result "0-1"]
[Round "1"]
1.e4 e6
2.d4 d5
3.exd5 exd5
4.c4 Ng8f6
5.Bc1g5 Bf8b4
6.Nb1c3 O-O
7.Ng1f3 Rf8e8
8.Nf3e5 c5
9.f4 cxd4
10.Qd1a4 a5
11.a3 dxc3
12.axb4 cxb2
13.Ra1b1 Nb8c6
14.Rb1xb2 Nc6xe5
15.Bg5xf6 Ne5d3
16.Kd2 gxf6
17.Bf1xd3 dxc4
18.Qa4c2 Bc8f5
19.Qc2c3 cxd3
20.Rh1e1 Ra8c8
21.Re1xe8 Qd8xe8
22.Qc3xc8 Qe8xc8
23.bxa5 Qc8c7
24.g3 Qc7xa5
{ resign }
0-1

[Event "Tourn. n10002"]
[Site "www.echecsemail.com"]
[Date "2018.12.09"]
[Round "1"]
[White "Szustan"]
[Black "Apdash"]
[WhiteElo "2620"]
[BlackElo "2350"]
[Result "1-0"]
[Round "1"]
1.e4 e5
2.Ng1f3 d6
3.d4 Bc8g4
4.dxe5 Bg4xf3
5.Qd1xf3 dxe5
6.Bf1c4 Ng8f6
7.Qf3b3 Bf8d6
8.Bc4xf7 Kf8
9.Qb3xb7 Nb8d7
10.Bf7b3 Ra8b8
11.Qb7a6 Nd7c5
12.Qa6c4 Nc5xb3
13.axb3 Rb8b4
14.Qc4e2 Rb4xe4
15.Bc1e3 Ke7
16.Nb1c3 Bd6b4
17.O-O Bb4xc3
18.bxc3 Qd8a8
19.f3 Re4h4
20.Be3f2 Rh4h5
21.Qe2c4 Rh8c8
22.Bf2c5 Kd7
23.Qc4f7 Kc6
24.Qf7e6 Kb7
25.Qe6a6 { resign }
1-0

[Event "Tourn. n9929"]
[Site "www.echecsemail.com"]
[Date "2018.12.09"]
[Round "1"]
[White "Stepanpech"]
[Black "Pdebonis"]
[WhiteElo "2510"]
[BlackElo "2700"]
[Result "1/2-1/2"]
[Round "1"]
1.e4 c5
2.Ng1f3 d6
3.d4 cxd4
4.Nf3xd4 Ng8f6
5.Nb1c3 g6
6.Bc1e3 Bf8g7
7.f3 O-O
8.Qd1d2 Nb8c6
9.O-O-O d5
10.exd5 Nf6xd5
11.Nd4xc6 bxc6
12.Be3d4 Bg7xd4
13.Qd2xd4 Qd8b6
14.Nc3a4 Qb6c7
15.Bf1c4 Rf8d8
16.Na4c5 Bc8f5
17.Bc4b3 Nd5b6
18.Qd4e3 Nb6d5
19.Qe3g5 a5
20.g4 Qc7a7
21.Nc5a4 Bf5e6
22.h4 Nd5e3
{ draw }
1/2-1/2

[Event "Tourn. n10007"]
[Site "www.echecsemail.com"]
[Date "2018.12.09"]
[Round "1"]
[White "Picifarkinca"]
[Black "Tbsundar"]
[WhiteElo "1840"]
[BlackElo "1970"]
[Result "1/2-1/2"]
[Round "1"]
1.Ng1f3 d5
2.d4 c6
3.c4 e6
4.Qd1c2 Ng8f6
5.g3 Nb8d7
6.Bf1g2 Bf8b4
7.Bc1d2 Bb4e7
8.O-O O-O
9.Bd2f4 Nf6e4
10.cxd5 exd5
11.Nb1c3 f5
12.Nf3e5 Nd7f6
13.Nc3a4 Nf6h5
14.Ne5xc6 bxc6
15.Bf4e5 Bc8d7
16.f3 Ne4g5
17.Na4c5 Bd7c8
18.e4 f4
19.g4 Nh5f6
20.h4 Ng5f7
21.Be5xf4 dxe4
22.Nc5xe4 Nf6xe4
{ draw }
1/2-1/2

[Event "Tourn. n10021"]
[Site "www.echecsemail.com"]
[Date "2018.12.09"]
[Round "1"]
[White "Bojan"]
[Black "Fantomas"]
[WhiteElo "2000"]
[BlackElo "2100"]
[Result "0-1"]
[Round "1"]
1.e4 c5
2.Ng1f3 d6
3.d4 cxd4
4.Nf3xd4 Nb8c6
5.Bf1b5 Bc8d7
6.Bc1e3 a6
7.Bb5c4 Ng8f6
8.f3 g6
9.c3 Bf8g7
10.Nd4xc6 Bd7xc6
11.Nb1d2 O-O
12.Nd2b3 b5
13.Bc4d3 Nf6d7
14.O-O Nd7e5
15.Bd3c2 Ne5c4
16.Be3c1 Qd8b6
17.Kh1 Nc4e3
18.Bc1xe3 Qb6xe3
19.Nb3a5 Bc6d7
20.Rf1e1 Qe3b6
21.Na5b3 h5
22.g3 Bg7f6
23.Bc2d3 h4
24.f4 hxg3
25.hxg3 Qb6f2
26.Re1g1 Kg7
27.Rg1g2 Rf8h8
{ resign }
0-1

[Event "Tourn. n10007"]
[Site "www.echecsemail.com"]
[Date "2018.12.09"]
[Round "1"]
[White "Francesco"]
[Black "Bojan"]
[WhiteElo "1930"]
[BlackElo "1980"]
[Result "1-0"]
[Round "1"]
1.d4 d5
2.Ng1f3 g6
3.Bc1g5 f6
4.Bg5f4 Nb8c6
5.e3 Bf8g7
6.Bf1b5 e6
7.c4 Bc8d7
8.cxd5 exd5
9.Nb1c3 Ng8e7
10.O-O a6
11.Bb5d3 Nc6b4
12.a3 Nb4xd3
13.Qd1xd3 Ne7f5
14.a4 Qd8e7
15.Nc3xd5 Qe7d8
16.Nd5xc7 Ke7
17.Nc7xa8 Qd8xa8
18.Ra1c1 Rh8c8
19.Rc1c7 Kd8
20.Rc7xc8 Qa8xc8
21.b3 Nf5e7
22.e4 f5
23.e5 h6
24.Rf1c1 Qc8a8
25.d5 b5
26.e6 Ne7xd5
27.exd7 Kxd7
28.Rc1c7 Ke6
29.Rc7xg7 Nd5xf4
30.Qd3d7 { resign }
1-0

[Event "Tourn. n9994"]
[Site "www.echecsemail.com"]
[Date "2018.12.09"]
[Round "1"]
[White "Andychesston"]
[Black "Francesco"]
[WhiteElo "2010"]
[BlackElo "1930"]
[Result "0-1"]
[Round "1"]
1.e4 c6
2.d4 d5
3.c4 dxe4
4.Bc1e3 Ng8f6
5.Nb1c3 Bc8g4
6.Bf1e2 Bg4xe2
7.Qd1xe2 e6
8.O-O-O Bf8b4
9.Qe2c2 Bb4xc3
10.Qc2xc3 O-O
11.Ng1e2 Nb8d7
12.f3 exf3
13.gxf3 Qd8e7
14.Rh1g1 Rf8d8
15.Rg1g2 Nd7f8
16.Be3h6 Nf8g6
17.Qc3e3 gxh6
18.Qe3xh6 Qe7f8
19.Qh6h3 Qf8d6
20.Qh3h4 Nf6e8
21.Ne2f4 Ne8g7
22.Nf4h5 Ng6xh4
23.Nh5f6 Kh8
24.Rg2g4 Nh4xf3
25.Rd1f1 Nf3xh2
26.Rg4h4 h5
27.Rf1f2 Nh2g4
28.Nf6xg4 Qd6xd4
29.Kc2 Qd4xc4
{ resign }
0-1

[Event "Match"]
[Site "www.echecsemail.com"]
[Date "2018.12.09"]
[Round "1"]
[White "Tonino1"]
[Black "Logout"]
[WhiteElo "2120"]
[BlackElo "1819"]
[Result "0-1"]
[Round "1"]
1.f4 e6
2.d4 d5
3.e3 Ng8f6
4.Bf1d3 Bf8d6
5.Ng1f3 O-O
6.O-O Nf6e4
7.Nb1d2 Ne4xd2
8.Bc1xd2 Nb8d7
9.c3 b6
10.Bd3xh7 Kxh7
11.Nf3g5 Kg8
12.Qd1h5 Nd7f6
13.Qh5h4 Bc8a6
14.Rf1f3 Ba6d3
15.Rf3h3 Nf6h7
16.Qh4h5 Bd3g6
17.Ng5xh7 Bg6xh5
18.Nh7xf8 Qd8xf8
19.Rh3xh5 c5
20.Ra1f1 cxd4
21.exd4 a5
22.f5 b5
23.Rf1f3 f6
24.fxe6 Qf8c8
25.Rf3h3 Qc8xe6
26.Rh5h8 Kf7
27.Rh8xa8 Bd6f4
28.Ra8a7 Kg6
29.Rh3g3 Bf4xg3
30.hxg3 Qe6e2
31.Bd2f4 a4
32.Bf4d6 Qe2xb2
33.Bd6f8 Qb2xa2
34.Ra7xg7 Kf5
35.g4 Ke4
36.Bf8b4 a3
37.Rg7a7 Qa2b1
38.Kh2 a2
 { time }
0-1

[Event "Tourn. n9965"]
[Site "www.echecsemail.com"]
[Date "2018.12.09"]
[Round "1"]
[White "Passaroa25"]
[Black "Drill64"]
[WhiteElo "1670"]
[BlackElo "1849"]
[Result "0-1"]
[Round "1"]
1.Nb1c3 c5
2.Ng1f3 d5
3.d4 cxd4
4.Nf3xd4 Nb8c6
5.Bc1e3 e5
6.Nd4xc6 bxc6
7.Be3d2 Ng8f6
8.f3 Bf8d6
9.e4 d4
10.Nc3e2 O-O
11.Ne2g3 Qd8b6
12.Ra1b1 Bc8e6
13.Bf1d3 Ra8b8
14.b3 Bd6b4
15.O-O Bb4xd2
16.Qd1xd2 a5
17.Bd3c4 d3
18.Rf1f2 Be6xc4
19.Ng3f5 dxc2
20.Qd2xc2 Bc4e6
21.Nf5e7 Kh8
22.Ne7xc6 Rf8c8
23.Kf1 Rc8xc6
24.Qc2b2 a4
25.Rf2c2 Rc6xc2
26.Qb2xc2 axb3
27.Rb1xb3 Be6xb3
28.axb3 Qb6xb3
29.Qc2xb3 Rb8xb3
30.g4 Rb3b2
31.h4 h6
32.h5 Nf6h7
{ resign }
0-1

[Event "Tourn. n9971"]
[Site "www.echecsemail.com"]
[Date "2018.12.10"]
[Round "1"]
[White "Dussek"]
[Black "Scasan55"]
[WhiteElo "1870"]
[BlackElo "1950"]
[Result "1-0"]
[Round "1"]
1.e4 c5
2.c3 Nb8c6
3.Ng1f3 d6
4.Bf1b5 Bc8d7
5.d4 cxd4
6.Bb5xc6 bxc6
7.cxd4 Ng8f6
8.Nb1c3 e6
9.O-O Bf8e7
10.Bc1g5 O-O
11.Ra1c1 Ra8b8
12.b3 h6
13.Bg5h4 Nf6h7
14.Bh4xe7 Qd8xe7
15.Rf1e1 f5
16.e5 Bd7e8
17.Qd1d2 d5
18.Nc3a4 Be8d7
19.Na4c5 Rb8b5
20.Nc5xd7 Qe7xd7
21.Rc1c3 Rf8c8
22.a3 Qd7e7
23.a4 Rb5b4
24.Re1c1 Rb4b6
25.g3 g5
26.a5 Rb6a6
27.Qd2a2 g4
28.Nf3h4 Kg7
29.Qa2a4 Qe7e8
30.b4 Rc8b8
31.Nh4g2 Nh7g5
32.Ng2f4 Ng5f3
33.Kg2 Nf3xd4
34.Rc1d1 Nd4b5
35.Rc3c5 h5
36.Nf4e2 h4
37.Ne2d4 hxg3
38.hxg3 Nb5xd4
39.Rd1xd4 Rb8b5
40.Rc5c1 Kg6
41.Qa4c2 Qe8h8
42.Rc1h1 Qh8xe5
43.Qc2d2 Qe5g7
44.Qd2f4 c5
45.bxc5 Rb5xc5
46.Rd4b4 Rc5xa5
47.Rh1b1 e5
48.Qf4d2 Qg7c7
49.Rb1h1 d4
50.Qd2h6 Kf7
51.Qh6h7 { resign }
1-0